2021 Most Popular Halloween Costumes - Statistics

General Stats
  • This quiz has been taken 107 times
  • The average score is 21 of 30
Answer Stats
Hint Answer % Correct
Broomstick Witch
96%
Dalmatian killer Cruella De Vil
94%
Being from heaven Angel
91%
Satan Devil
91%
Casper Ghost
91%
Likes carrots Rabbit
91%
Pom-poms Cheerleader
86%
Ronald McDonald Clown
85%
Tinker Bell Fairy
85%
Swings from webs Spiderman
84%
Undead Zombie
84%
Bones Skeleton
80%
Superman, Spiderman, Batman Superhero
78%
The Dark Knight Batman
77%
Extinct animal Dinosaur
77%
Half human, half fish Mermaid
77%
Scary male doll Chucky
76%
Black, brown, polar Bear
75%
Annabelle Doll
75%
Movie where toys come to life Toy Story
75%
Type of bat Vampire
72%
Royalty Princess
62%
Round and orange Pumpkin
61%
Popular Korean Netflix show Squid Game
58%
Psychotic Villain Joker
46%
Stealthy and dressed in all black Ninja
44%
Pittsburgh baseball team Pirate
42%
Popular phone game where you try to kill other players Among Us
33%
Female villain in recent movie Harley Quinn
28%
Cowboy
4%
No matching quizzes found
Score Distribution
Percent of People with Each Score
Percentile by Number Answered
Your Score History
You have not taken this quiz